Revelations of St.Gertrude (Record no. 341984)

MARC details
000 -LEADER
fixed length control field 004510000a22001930004500
005 - DATE AND TIME OF LATEST TRANSACTION
control field 20120302053120.0
040 ## - CATALOGING SOURCE
Original cataloging agency ENG
100 ## - MAIN ENTRY--PERSONAL NAME
Personal name Doheny, Monsignor W.M.J.
245 ## - TITLE STATEMENT
Title Revelations of St.Gertrude
260 ## - PUBLICATION, DISTRIBUTION, ETC. (IMPRINT)
Place of publication, distribution, etc -:
Name of publisher, distributor, etc -,
Date of publication, distribution, etc 1978
300 ## - PHYSICAL DESCRIPTION
Extent 315p
365 ## - TRADE PRICE
Price amount Rs.
650 ## - SUBJECT ADDED ENTRY--TOPICAL TERM
Topical term or geographic name as entry element Religion
650 ## - SUBJECT ADDED ENTRY--TOPICAL TERM
Topical term or geographic name as entry element Christian
650 ## - SUBJECT ADDED ENTRY--TOPICAL TERM
Topical term or geographic name as entry element Christianity-Religion
650 ## - SUBJECT ADDED ENTRY--TOPICAL TERM
Topical term or geographic name as entry element Revelation-Gertrude
650 ## - SUBJECT ADDED ENTRY--TOPICAL TERM
Topical term or geographic name as entry element Intimate Union-Jesus-Heart
942 ## - ADDED ENTRY ELEMENTS (KOHA)
Koha item type Book
Holdings
Withdrawn status Lost status Damaged status Not for loan Home library Current library Date acquired Total Checkouts Barcode Date last seen Price effective from
        Institute For Oriental Study, Thane Institute For Oriental Study, Thane 12/02/2009   IOS-5507 12/02/2009 12/02/2009